Responses for show #3406 - Monday, May 31, 1999

Contestants

Jan Franck, an import specialist from Coarsegold, California

Frank Stokes, a financial analyst originally from Heber Springs, Arkansas

Melissa Koester, a library media specialist from Wixom, Michigan (whose 1-day cash winnings total $8,001)

Jeopardy! Round responses

DORIS' DAY
"WHOLE"SOME
CALAMITY JANE
PILLOW TALK
ROCK
THE HUDSON
    $100 4
The Wall Street Journal

Jan
    $100 16
whole hog

Frank
    $100 8
Black Hills

Frank
    $100 1
tooth fairy

Frank
    $100 2
salt

Melissa
    $100 11
(Jan: Who is Ichabod Crane?)

Rip Van Winkle

FrankJan
    $200 5
Bally's

Frank
    $200 17
whole cloth

Melissa
    $200 21
whip

Melissa
    $200 3
Pygmalion

Jan
    $200 22
coal

Frank
    $200 12
West Point

Frank
    $300 6
Dr. Livingstone

Triple Stumper
    $300 18
On the whole

Frank
    $300 23
Crook

Frank
    $300 7
lava

Jan
    $300 28
mud

Frank
    $300 13
(Jan: What is a Stanley Steamer?)

Clermont

FrankJan
    $400 9
poi

Frank
    $400 19
whole shebang

Triple Stumper
    $400 24
(Frank: Who is... Buffalo Bill?)

Wild Bill Hickok

Frank
Triple Stumper
    $400 26
Jacob

Melissa
    $1,000 29
blue streak

Frank
    $400 14
(Frank: What is the Adirondack?)

Palisades

Frank
Triple Stumper
    $500 10
(Frank: What are a beagle and a boxer?)

basset hound & Great Dane

MelissaFrank
    $500 20
I ate the whole thing

Jan
    $500 25
Buffalo

Frank
    $500 27
(Frank: Who is Hamlet?)

Henry IV

Frank
Triple Stumper
    $500 15
Half Moon

Triple Stumper

Scores at the first commercial break (after clue 14):

Melissa Frank Jan
$600 $500 $200

Scores at the end of the Jeopardy! Round:

Melissa Frank Jan
$1,400 $2,300 $700

Double Jeopardy! Round responses

CLASSIC DRAMA
COLLEGES
ART & ARTISTS
BEST DIRECTOR
THE JACKSON FIVE
SAY CHEESE!
    $200 23
Hedda Gabler

Jan
    $200 2
clowns

Frank
    $200 6
Holland

Jan
    $200 15
(Steven) Spielberg

Jan
    $200 9
Stonewall Jackson

Frank
    $200 1
Benjamin Franklin

Frank
    $400 27
Oedipus

Frank
    $400 3
Colorado

Frank
    $400 13
(Salvador) Dali

Jan
    $400 16
Warren Beatty

Frank
    $400 10
Jesse Jackson

Frank
    $400 7
(Robert Louis) Stevenson

Frank
    $600 28
El Cid

Jan
    $3,100 4
Dr. Scholl

Frank
    $600 20
Monet

Melissa
    $600 19
John Huston

Melissa
    $600 11
Keith Jackson

Frank
    $600 14
de Gaulle

Jan
    $1,000 29
Ophelia

Jan
    $800 5
Pillsbury

Melissa
    $800 21
Winslow Homer

Triple Stumper
    $800 24
Frank Capra

Triple Stumper
    $800 12
Glenda Jackson

Melissa
    $800 18
(Melissa: What is the Gingham Dog and the Calico Cat?)

The Pied Piper of Hamelin

Melissa
Triple Stumper
    $1000 8
The Citadel

Frank
    $1000 22
Raphael

Triple Stumper
    $1000 25
Richard Attenborough

Triple Stumper
    $1000 17
(Frank: Who is Andrew Jackson?)
[Frank spins around and steps backwards reacting to his incorrect response.]
(Alex: Come back, Frank.)
[Laughter]

Maynard Jackson

Frank
Triple Stumper
    $1000 26
Jonathan Swift

Jan

Scores at the end of the Double Jeopardy! Round:

Melissa Frank Jan
$3,400 $8,600 $4,900

[wagering suggestions for these scores]

Final Jeopardy! Round responses

SPORTS
MelissaWho is?
$100
JanWho is Mark MacGwire?
$4,899
FrankWho is Cal Ripken?
$1,201
Cal Ripken

Final scores:

Melissa Frank Jan
$3,300 $9,801 $1
2nd place: trip on Taca Airlines to Guatemala & stay at Guatemala City Marriott New champion: $9,801 3rd place: Vivitar Z360ix camera & binoculars with accessories

Game dynamics:

Coryat scores:

Melissa Frank Jan
$3,400 $5,500 $4,700
9 R,
1 W
25 R
(including 2 DDs),
5 W
12 R
(including 1 DD),
2 W

Combined Coryat: $13,600

The J! Archive is created by fans, for fans. The Jeopardy! game show and all elements thereof, including but not limited to copyright and trademark thereto, are the property of Jeopardy Productions, Inc. and are protected under law. This website is not affiliated with, sponsored by, or operated by Jeopardy Productions, Inc. Join the discussion at JBoard.tv.